[Event "Oberwart op-A 34th"]
[Site "Oberwart"]
[Date "2012.07.11"]
[Round "5"]
[White "Kamaryt, Thomas"]
[Black "Schwarhofer, Christopher"]
[Result "1/2-1/2"]
[WhiteElo "2109"]
[BlackElo "2290"]
[PlyCount "38"]
[EventDate "2012.07.07"]
[EventType "swiss"]
[EventRounds "9"]
[EventCountry "AUT"]
[SourceTitle "CBM 149 Extra"]
[Source "ChessBase"]
[SourceDate "2012.08.24"]
[SourceVersion "1"]
[SourceVersionDate "2012.08.24"]
[SourceQuality "1"]

1. Nf3 Nf6 2. c4 g6 3. Nc3 Bg7 4. g3 0-0 5. Bg2 d6 6. 0-0 e5 7. d3 c6 8. Rb1 a5 9. a3 h6 10. c5 Na6 11. cxd6 Qxd6 12. Nd2 Nd5 13. Nc4 Qd8 14. Bd2 Nac7 15. Ne4 f5 16. Ned6 a4 17. Nxc8 Rxc8 18. e4 Ne7 19. Nb6 Ne6 1/2-1/2

[Event "Oberwart op"]
[Site "Oberwart"]
[Date "2010.07.10"]
[Round "1"]
[White "Sergeev, Vladimir"]
[Black "Kamaryt, Thomas"]
[Result "1/2-1/2"]
[WhiteElo "2486"]
[BlackElo "2076"]
[PlyCount "120"]
[EventDate "2010.07.10"]
[EventType "swiss"]
[EventRounds "9"]
[EventCountry "AUT"]
[SourceTitle "CBM 137 Extra"]
[Source "ChessBase"]
[SourceDate "2010.09.01"]
[SourceVersion "1"]
[SourceVersionDate "2010.09.01"]
[SourceQuality "1"]

1. c4 c5 2. g3 g6 3. Bg2 Bg7 4. Nc3 Nc6 5. a3 Nf6 6. Rb1 d6 7. b4 0-0 8. b5 Ne5 9. d3 Ned7 10. a4 Rb8 11. e3 b6 12. Nge2 Bb7 13. e4 Ne8 14. Bg5 Nc7 15. Nd5 f6 16. Be3 e6 17. Nxc7 Qxc7 18. 0-0 f5 19. Nf4 Rbe8 20. h3 Nf6 21. Qc2 Qf7 22. a5 e5 23. Ne2 f4 24. gxf4 Nh5 25. fxe5 dxe5 26. a6 Bc8 27. f4 Bh6 28. Rf2 Bxf4 29. Nxf4 Nxf4 30. Bxf4 exf4 31. Rbf1 g5 32. Qd1 Qg7 33. Qh5 Be6 34. Bf3 Bf7 35. Qg4 Be6 36. Qh5 Bf7 37. Qg4 Be6 38. Qg2 Rd8 39. Rd1 Rf6 40. Bg4 Qd7 41. Bxe6+ Qxe6 42. Qf3 Rh6 43. Rg2 Qg6 44. Qg4 Kh8 45. Kf2 Qf6 46. Kg1 Qd4+ 47. Kh2 Rf8 48. Qf3 Qe5 49. Rdg1 Rg8 50. Rg4 Rhg6 51. R4g2 Rh6 52. Rg4 Rhg6 53. Kh1 h5 54. R4g2 Rh6 55. Rf1 Rf8 56. Rh2 Rf7 57. Rg1 Rg7 58. Rf1 Rf7 59. Rff2 Rhh7 60. Rfg2 Rfg7 1/2-1/2

[Event "AUT-chT2O 0910"]
[Site "Austria"]
[Date "2010.03.28"]
[Round "9.3"]
[White "Vykydal, Frantisek"]
[Black "Kamaryt, Thomas"]
[Result "1/2-1/2"]
[WhiteElo "2218"]
[BlackElo "2073"]
[PlyCount "22"]
[EventDate "2009.10.17"]
[EventType "team-tourn"]
[EventRounds "11"]
[EventCountry "AUT"]
[SourceTitle "EXT 2011"]
[Source "ChessBase"]
[SourceDate "2010.11.26"]
[SourceVersion "1"]
[SourceVersionDate "2010.11.26"]
[SourceQuality "1"]
[WhiteTeam "Zwettl"]
[BlackTeam "Baden Invest II"]
[WhiteTeamCountry "AUT"]
[BlackTeamCountry "AUT"]

1. e4 d5 2. Nc3 dxe4 3. Nxe4 Qd5 4. Nc3 Qd6 5. Nf3 Nf6 6. Be2 a6 7. 0-0 Nc6 8. d3 b6 9. Ne4 Qd7 10. b3 e6 11. Bb2 Be7 1/2-1/2

[Event "Oberwart op"]
[Site "Oberwart"]
[Date "2001.??.??"]
[Round "2"]
[White "Karall, Lorenz"]
[Black "Kamaryt, Thomas"]
[Result "1-0"]
[WhiteElo "2097"]
[BlackElo "2142"]
[PlyCount "83"]
[EventDate "2001.??.??"]
[EventType "swiss"]
[EventRounds "9"]
[EventCountry "AUT"]
[SourceTitle "EXT 2002"]
[Source "ChessBase"]
[SourceDate "2001.11.25"]
[SourceVersion "1"]
[SourceVersionDate "2001.11.25"]
[SourceQuality "1"]

1. d4 d5 2. c4 e6 3. Nc3 c6 4. Nf3 f5 5. Qb3 Bd6 6. g3 Nf6 7. Bg2 0-0 8. 0-0 Kh8 9. cxd5 exd5 10. Bg5 h6 11. Bd2 Ne4 12. Rad1 Qe7 13. e3 Nd7 14. Bc1 Ndf6 15. Nh4 Kh7 16. f4 Be6 17. Bh3 g6 18. Nf3 g5 19. Ne5 g4 20. Bg2 Kg7 21. Ne2 h5 22. h3 gxh3 23. Bxh3 Ng4 24. Bxg4 hxg4 25. Kg2 Kf6 26. Rh1 Rh8 27. Rh4 Rxh4 28. gxh4 Rh8 29. Rh1 Qg7 30. Ng3 Nxg3 31. Kxg3 Bxe5 32. dxe5+ Kg6 33. Qa3 a6 34. Qd6 Qf7 35. Bd2 Kh5 36. a4 Re8 37. Bb4 Rc8 38. Bc5 Rc7 39. b4 Rd7 40. Qb8 Qg7 41. Qe8+ Qf7 42. Qh8+ 1-0

[Event "Bled op 21st"]
[Site "Bled"]
[Date "2000.04.01"]
[Round "8"]
[White "Semrl, Marjan"]
[Black "Kamaryt, Thomas"]
[Result "0-1"]
[WhiteElo "2209"]
[BlackElo "2155"]
[PlyCount "41"]
[EventDate "2000.03.25"]
[EventType "swiss"]
[EventRounds "9"]
[EventCountry "SLO"]
[SourceTitle "CBM 075 Extra"]
[Source "ChessBase"]
[SourceDate "2000.05.11"]
[SourceVersion "2"]
[SourceVersionDate "2000.05.11"]
[SourceQuality "1"]

1. e4 d5 2. Nc3 dxe4 3. Nxe4 Qd5 4. Nc3 Qa5 5. Bc4 Nf6 6. d3 c5 7. Nge2 Nc6 8. 0-0 Qd8 9. Be3 e6 10. Ng3 Be7 11. Nh5 Nxh5 12. Qxh5 Nd4 13. Rac1 0-0 14. Ne4 g6 15. Qd1 b6 16. c3 Nf5 17. Qf3 Bd7 18. g4 Nd6 19. Nxd6 Bxd6 20. Bf4 Qf6 21. Qb7 0-1

[Event "Bled op 21st"]
[Site "Bled"]
[Date "2000.03.30"]
[Round "6"]
[White "Gombac, Jan"]
[Black "Kamaryt, Thomas"]
[Result "1-0"]
[WhiteElo "2247"]
[BlackElo "2155"]
[PlyCount "83"]
[EventDate "2000.03.25"]
[EventType "swiss"]
[EventRounds "9"]
[EventCountry "SLO"]
[SourceTitle "CBM 075 Extra"]
[Source "ChessBase"]
[SourceDate "2000.05.11"]
[SourceVersion "2"]
[SourceVersionDate "2000.05.11"]
[SourceQuality "1"]

1. e4 c5 2. Nf3 Nc6 3. d4 cxd4 4. Nxd4 Nf6 5. Nc3 e5 6. Ndb5 d6 7. Nd5 Nxd5 8. exd5 Ne7 9. c4 Nf5 10. Be2 Be7 11. 0-0 0-0 12. b4 Bd7 13. a4 a6 14. Nc3 Nd4 15. Be3 Nf5 16. Bd2 Nh4 17. a5 f5 18. f4 exf4 19. Bxf4 g5 20. Be3 Bf6 21. Bd4 Ng6 22. c5 Nf4 23. Bc4 Kg7 24. Rc1 Re8 25. cxd6 Bxd4+ 26. Qxd4+ Qf6 27. Qxf6+ Kxf6 28. g3 Ng6 29. Bd3 Ke5 30. b5 Kxd6 31. bxa6 bxa6 32. Bxf5 Bxf5 33. Rxf5 Ne5 34. Rcf1 g4 35. Ne4+ Kxd5 36. Nf6+ Kc4 37. R1f4+ Kd3 38. Nxe8 Nf3+ 39. Rxf3+ gxf3 40. Rxf3+ Ke2 41. Rf2+ Ke3 42. Nf6 1-0

[Event "Bled op 21st"]
[Site "Bled"]
[Date "2000.03.29"]
[Round "5"]
[White "Kamaryt, Thomas"]
[Black "Vrabic, Anita"]
[Result "1/2-1/2"]
[WhiteElo "2155"]
[BlackElo "2192"]
[PlyCount "132"]
[EventDate "2000.03.25"]
[EventType "swiss"]
[EventRounds "9"]
[EventCountry "SLO"]
[SourceTitle "CBM 075 Extra"]
[Source "ChessBase"]
[SourceDate "2000.05.11"]
[SourceVersion "2"]
[SourceVersionDate "2000.05.11"]
[SourceQuality "1"]

1. d4 Nf6 2. c4 g6 3. Nc3 d5 4. Nf3 Bg7 5. Bf4 c6 6. e3 0-0 7. h3 Qa5 8. Qb3 Nbd7 9. Bd3 Nb6 10. Ne5 dxc4 11. Nxc4 Nxc4 12. Bxc4 Ne4 13. Rd1 Nxc3 14. bxc3 b5 15. Bd3 Be6 16. Qb2 Qxa2 17. Qxa2 Bxa2 18. Ra1 Bd5 19. e4 Be6 20. Ra6 c5 21. Bxb5 cxd4 22. cxd4 Bxd4 23. 0-0 Bc8 24. Ra4 e5 25. Bh6 Rd8 26. Bc6 Rb8 27. Bd5 Bb7 28. Bg5 Re8 29. Ra5 Bb6 30. Ra3 Bxd5 31. exd5 Kg7 32. Rd1 h6 33. Be3 Re7 34. Kf1 Rd7 35. Ke2 Rbd8 36. Bxb6 axb6 37. Rb3 Rxd5 38. Rxd5 Rxd5 39. Rxb6 g5 40. Kf3 Rd4 41. g3 h5 42. Ra6 f6 43. g4 Rd3+ 44. Kg2 h4 45. Rb6 Kf7 46. Ra6 Ke7 47. Rb6 Rd6 48. Rb2 Ke6 49. Rb5 e4 50. Ra5 Rd5 51. Ra4 f5 52. gxf5+ Kxf5 53. Ra8 Kf4 54. Rf8+ Rf5 55. Re8 Rf7 56. Ra8 g4 57. hxg4 Kxg4 58. Rg8+ Kf4 59. Rh8 Kg5 60. Rg8+ Kh5 61. Rh8+ Kg5 62. Rg8+ Kf4 63. Rh8 Rg7+ 64. Kh3 Kf3 65. Rf8+ Ke2 66. Rf4 e3 1/2-1/2

[Event "Bled op 21st"]
[Site "Bled"]
[Date "2000.03.28"]
[Round "4"]
[White "Kamaryt, Thomas"]
[Black "Lyell, Mark"]
[Result "1/2-1/2"]
[WhiteElo "2155"]
[BlackElo "2222"]
[PlyCount "108"]
[EventDate "2000.03.25"]
[EventType "swiss"]
[EventRounds "9"]
[EventCountry "SLO"]
[SourceTitle "CBM 075 Extra"]
[Source "ChessBase"]
[SourceDate "2000.05.11"]
[SourceVersion "2"]
[SourceVersionDate "2000.05.11"]
[SourceQuality "1"]

1. d4 f5 2. g3 g6 3. Bg2 Bg7 4. c3 Nc6 5. Nd2 d6 6. e4 e5 7. dxe5 Nxe5 8. Qe2 Ne7 9. f4 N5c6 10. Nh3 0-0 11. 0-0 Kh8 12. Re1 Rb8 13. exf5 Nxf5 14. Nf1 Bd7 15. Ne3 Nce7 16. Ng5 c6 17. Bd2 Qb6 18. Rab1 h6 19. Nf3 Nd5 20. Qf2 Ndxe3 21. Bxe3 Nxe3 22. Qxe3 Rfe8 23. Qxb6 axb6 24. Kf2 Kg8 25. Rbd1 Rxe1 26. Rxe1 Re8 27. Rxe8+ Bxe8 28. Bh3 b5 29. a3 Kf7 30. Ke3 Ke7 31. Nd2 d5 32. Kd3 c5 33. Nf1 b4 34. axb4 cxb4 35. Ne3 Kd6 36. Bg2 bxc3 37. bxc3 Bb5+ 38. Kd2 Bc6 39. Kd3 Kc5 40. Nd1 b6 41. Bh3 Bb5+ 42. Kd2 d4 43. Be6 Be8 44. Kd3 b5 45. g4 Kd6 46. Bc8 dxc3 47. Nxc3 Bc6 48. Ne4+ Ke7 49. h4 Bd5 50. f5 Bc4+ 51. Kc2 gxf5 52. Bxf5 Be6 53. Bxe6 Kxe6 54. g5 hxg5 1/2-1/2

[Event "Bled op 21st"]
[Site "Bled"]
[Date "2000.03.27"]
[Round "3"]
[White "Fucak, Emilijo"]
[Black "Kamaryt, Thomas"]
[Result "1-0"]
[WhiteElo "2334"]
[BlackElo "2155"]
[PlyCount "77"]
[EventDate "2000.03.25"]
[EventType "swiss"]
[EventRounds "9"]
[EventCountry "SLO"]
[SourceTitle "CBM 075 Extra"]
[Source "ChessBase"]
[SourceDate "2000.05.11"]
[SourceVersion "2"]
[SourceVersionDate "2000.05.11"]
[SourceQuality "1"]

1. e4 c6 2. d4 g6 3. Nf3 Bg7 4. Nbd2 d6 5. a4 Nh6 6. a5 0-0 7. c3 f6 8. Bc4+ Nf7 9. Qb3 e5 10. 0-0 Qe7 11. Re1 Nd7 12. Qa2 Bh6 13. b4 Kg7 14. Bb3 Ng5 15. h3 Nxf3+ 16. Nxf3 Bxc1 17. Raxc1 Rd8 18. Qd2 Nf8 19. Qe3 Ne6 20. Bxe6 Bxe6 21. c4 Bf7 22. Rc2 a6 23. Nh2 Re8 24. f4 exd4 25. Qxd4 c5 26. bxc5 dxc5 27. Qc3 Rad8 28. Nf3 Qd6 29. e5 Qc6 30. Rb2 Rd7 31. Rb6 Qc7 32. exf6+ Kg8 33. Rxe8+ Bxe8 34. Ne5 Rd4 35. Re6 Kf8 36. Qg3 Qxa5 37. Qh4 h5 38. f7 Bc6 39. Qe7+ 1-0

[Event "AUT-ch"]
[Site "Frohnleiten"]
[Date "2000.??.??"]
[Round "5.27"]
[White "Kamaryt, Thomas"]
[Black "Sulyok, Michael"]
[Result "0-1"]
[WhiteElo "2098"]
[BlackElo "2240"]
[PlyCount "92"]
[EventDate "2000.08.05"]
[EventType "swiss"]
[EventRounds "9"]
[EventCountry "AUT"]
[SourceTitle "CBM 077 Extra"]
[Source "ChessBase"]
[SourceDate "2000.09.14"]
[SourceVersion "1"]
[SourceVersionDate "2000.09.14"]
[SourceQuality "1"]

1. Nf3 g6 2. d4 Bg7 3. e4 Nf6 4. e5 Ne4 5. Bd3 d5 6. exd6 Nxd6 7. 0-0 0-0 8. Re1 Bf5 9. Bg5 Re8 10. c3 Nd7 11. Na3 c6 12. Nc4 Nxc4 13. Bxc4 h6 14. Bh4 Qb6 15. b4 e6 16. Ne5 Nxe5 17. dxe5 g5 18. Bg3 a5 19. Qb3 axb4 20. cxb4 Red8 21. Rad1 Rxd1 22. Rxd1 Rd8 23. Rxd8+ Qxd8 24. Qe3 Qd1+ 25. Bf1 Qd5 26. f4 Qxa2 27. fxg5 hxg5 28. Qxg5 Qd5 29. Qe3 Kh7 30. h3 b5 31. Be2 Qe4 32. Qxe4 Bxe4 33. Bf3 Bxf3 34. gxf3 Kg6 35. Kf1 Kf5 36. Ke2 Bf8 37. Be1 Kxe5 38. Ke3 c5 39. bxc5 Bxc5+ 40. Kd3 Kf4 41. Ke2 b4 42. h4 b3 43. Bc3 Be7 44. h5 Kg5 45. Kd3 Ba3 46. h6 Kxh6 0-1

[Event "Bled op 20th"]
[Site "Bled"]
[Date "1999.03.26"]
[Round "7"]
[White "Kamaryt, Thomas"]
[Black "Dobrotka, Martin"]
[Result "0-1"]
[WhiteElo "2129"]
[BlackElo "2231"]
[PlyCount "87"]
[EventDate "1999.03.20"]
[EventType "swiss"]
[EventRounds "9"]
[EventCountry "SLO"]
[SourceTitle "CBM 069 Extra"]
[Source "ChessBase"]
[SourceDate "1999.05.10"]
[SourceVersion "1"]
[SourceVersionDate "1999.05.10"]
[SourceQuality "1"]

1. d4 Nf6 2. Nf3 d6 3. c4 g6 4. Nc3 Bg7 5. h3 0-0 6. Bf4 c6 7. e3 a6 8. b4 Nbd7 9. Be2 Re8 10. 0-0 h6 11. Qc2 e5 12. dxe5 dxe5 13. Bh2 c5 14. b5 Nh7 15. Nd2 f5 16. Rad1 b6 17. Bf3 Ra7 18. Bd5+ Kh8 19. Bf7 Rf8 20. Bxg6 Qg5 21. Bxh7 Kxh7 22. f4 Qg6 23. e4 exf4 24. exf5 Qxf5 25. Qxf5+ Rxf5 26. Nd5 Bb7 27. g4 Bd4+ 28. Kg2 Rxd5 29. cxd5 Bxd5+ 30. Nf3 Ne5 31. Bxf4 Nxf3 32. Rxf3 axb5 33. Kg3 Bxf3 34. Kxf3 Ra3+ 35. Ke4 Rxa2 36. Re1 Rf2 37. Kf5 Bf6 38. Rd1 Bg5 39. Rd7+ Kg8 40. Kg6 Rxf4 41. h4 Bxh4 42. g5 Bxg5 43. Rg7+ Kf8 44. Kh7 0-1

[Event "Bled op 20th"]
[Site "Bled"]
[Date "1999.03.25"]
[Round "6"]
[White "Mazi, Leon"]
[Black "Kamaryt, Thomas"]
[Result "1-0"]
[WhiteElo "2405"]
[BlackElo "2129"]
[PlyCount "46"]
[EventDate "1999.03.20"]
[EventType "swiss"]
[EventRounds "9"]
[EventCountry "SLO"]
[SourceTitle "CBM 069 Extra"]
[Source "ChessBase"]
[SourceDate "1999.05.10"]
[SourceVersion "1"]
[SourceVersionDate "1999.05.10"]
[SourceQuality "1"]

1. e4 c5 2. Nf3 Nc6 3. Bb5 e6 4. 0-0 Nge7 5. Re1 a6 6. Bf1 Ng6 7. c3 d5 8. exd5 Qxd5 9. d4 cxd4 10. cxd4 Be7 11. Nc3 Qd8 12. d5 exd5 13. Nxd5 0-0 14. Nxe7+ Ngxe7 15. Bg5 Qxd1 16. Raxd1 f6 17. Bc4+ Kh8 18. Be3 Bg4 19. Bc5 Bxf3 20. gxf3 Ne5 21. Rxe5 fxe5 22. Bxe7 Rfc8 23. Bb3 a5 1-0

[Event "Oberwart op"]
[Site "Oberwart"]
[Date "1998.07.27"]
[Round "3"]
[White "Brandner, Stefan"]
[Black "Kamaryt, Thomas"]
[Result "1/2-1/2"]
[WhiteElo "2340"]
[BlackElo "2135"]
[PlyCount "103"]
[EventDate "1998.07.25"]
[EventType "swiss"]
[EventRounds "9"]
[EventCountry "AUT"]
[SourceTitle "CBM 065 Extra"]
[Source "ChessBase"]
[SourceDate "1998.09.09"]
[SourceVersion "1"]
[SourceVersionDate "1998.09.09"]
[SourceQuality "1"]

1. e4 e5 2. Nf3 Nc6 3. Bc4 Bc5 4. d3 Nf6 5. Nc3 d6 6. Be3 h6 7. h3 Nd4 8. Bxd4 Bxd4 9. Nxd4 exd4 10. Ne2 c5 11. c3 dxc3 12. Nxc3 0-0 13. 0-0 Be6 14. Qb3 Qd7 15. Kh2 a6 16. a4 Rad8 17. f4 d5 18. exd5 Nxd5 19. f5 Qd6+ 20. Kh1 Nxc3 21. fxe6 Ne2 22. exf7+ Kh8 23. Rf2 Ng3+ 24. Kg1 Qd4 25. Qc2 b5 26. Be6 Rd6 27. Re1 Rxe6 28. Rxe6 Rxf7 29. b4 Nh1 30. Kxh1 Rxf2 31. Qc1 Kh7 32. bxc5 Qd5 33. Re4 Qxd3 34. Re1 Rc2 35. Qf4 Rxc5 36. Re6 Rf5 37. Qc7 Qd1+ 38. Kh2 Qxa4 39. Qg3 Qf4 40. Rxa6 Qxg3+ 41. Kxg3 Rf6 42. Ra3 b4 43. Rb3 Rb6 44. Kf4 Rb5 45. Ke4 Kg6 46. Kd4 Kf5 47. Kc4 Rb7 48. Kc5 Rb8 49. Kc6 g5 50. Kc7 Re8 51. Rxb4 Re4 52. g4+ 1/2-1/2

[Event "Oberwart op"]
[Site "Oberwart"]
[Date "1997.07.07"]
[Round "3"]
[White "Kamaryt, Thomas"]
[Black "Ruck, Robert"]
[Result "0-1"]
[WhiteElo "2190"]
[BlackElo "2450"]
[PlyCount "68"]
[EventDate "1997.07.05"]
[EventType "swiss"]
[EventRounds "9"]
[EventCountry "AUT"]
[SourceTitle "EXT 1999"]
[Source "ChessBase"]
[SourceDate "1998.11.16"]
[SourceVersion "1"]
[SourceVersionDate "1998.11.16"]
[SourceQuality "1"]

1. e4 c5 2. c3 Nf6 3. e5 Nd5 4. d4 cxd4 5. Qxd4 e6 6. Nf3 Nc6 7. Qe4 Qc7 8. Bc4 Nde7 9. Bf4 Ng6 10. Bg3 b6 11. Nbd2 Bb7 12. Qe2 d6 13. exd6 Bxd6 14. Ne4 Bxg3 15. hxg3 0-0-0 16. Ba6 h6 17. Bxb7+ Kxb7 18. 0-0 e5 19. Rfd1 f5 20. Ned2 e4 21. Nd4 Nxd4 22. cxd4 Rxd4 23. Nb3 Rxd1+ 24. Rxd1 Ne5 25. Qb5 Rc8 26. g4 fxg4 27. Rc1 Qd6 28. Na5+ Kb8 29. Rxc8+ Kxc8 30. Qe8+ Kc7 31. Nb3 g3 32. fxg3 Qd1+ 33. Kh2 Ng4+ 34. Kh3 Nf2+ 0-1

[Event "Feldbach op"]
[Site "Feldbach"]
[Date "1997.??.??"]
[Round "2"]
[White "Kamaryt, Thomas"]
[Black "Maric, Katarina"]
[Result "0-1"]
[WhiteElo "2190"]
[BlackElo "2010"]
[PlyCount "124"]
[EventDate "1997.01.??"]
[EventType "swiss"]
[EventRounds "9"]
[EventCountry "AUT"]
[SourceTitle "EXT 1998"]
[Source "ChessBase"]
[SourceDate "1997.11.17"]
[SourceVersion "1"]
[SourceVersionDate "1997.11.17"]
[SourceQuality "1"]

1. d4 Nf6 2. Bg5 e6 3. e3 Be7 4. Bd3 c5 5. c3 b6 6. Qe2 Bb7 7. Nf3 0-0 8. Nbd2 Nd5 9. Bxe7 Qxe7 10. 0-0 cxd4 11. Nxd4 Nc6 12. Be4 Nxd4 13. exd4 Rac8 14. g3 Bc6 15. Rfe1 Rfd8 16. Qf1 Nf6 17. Bg2 Bxg2 18. Qxg2 d5 19. a4 Rc7 20. Qf1 Ne8 21. Qd3 Nd6 22. Kg2 Nc4 23. Nxc4 Rxc4 24. f4 Qd7 25. b3 Rc7 26. Qf3 Rdc8 27. Re3 a6 28. Rae1 h6 29. Ra1 Rc6 30. Rc1 R6c7 31. Ra1 Rc6 32. Kf2 Qc7 33. Rc1 Qd6 34. Rd1 Qc7 35. Rc1 b5 36. axb5 axb5 37. b4 Rc4 38. Ra1 Rxc3 39. Rxc3 Qxc3 40. Qxc3 Rxc3 41. Ra5 Rd3 42. Rxb5 Rxd4 43. Rb8+ Kh7 44. Ke3 Rc4 45. b5 Rb4 46. b6 Kg6 47. b7 Kf6 48. Kf3 h5 49. Rh8 Rxb7 50. Rxh5 Rb3+ 51. Kf2 g6 52. Rh8 Kf5 53. Rf8 Rb7 54. Kf3 Rb3+ 55. Kf2 Ke4 56. Rxf7 Rb2+ 57. Ke1 Ke3 58. Kd1 d4 59. Rf6 Rb6 60. Rf7 d3 61. Kc1 d2+ 62. Kc2 Rc6+ 0-1

[Event "Feldbach op"]
[Site "Feldbach"]
[Date "1997.??.??"]
[Round "7"]
[White "Kamaryt, Thomas"]
[Black "Wegerer, Fred"]
[Result "0-1"]
[WhiteElo "2190"]
[BlackElo "2320"]
[PlyCount "66"]
[EventDate "1997.01.??"]
[EventType "swiss"]
[EventRounds "9"]
[EventCountry "AUT"]
[SourceTitle "EXT 1998"]
[Source "ChessBase"]
[SourceDate "1997.11.17"]
[SourceVersion "1"]
[SourceVersionDate "1997.11.17"]
[SourceQuality "1"]

1. d4 g6 2. e4 Bg7 3. c4 Nc6 4. Be3 e5 5. Ne2 d6 6. Nbc3 Nh6 7. d5 Ne7 8. f3 f5 9. Qd2 Nf7 10. Nc1 0-0 11. Be2 c5 12. Nd3 Bd7 13. g4 a6 14. b3 Qc8 15. gxf5 gxf5 16. Kd1 Ng6 17. h4 b5 18. h5 Nf4 19. Kc2 b4 20. Nd1 Kh8 21. N1b2 fxe4 22. fxe4 Ng5 23. h6 Bf6 24. Nf2 Be8 25. Bg4 Qd8 26. Bf5 Bg6 27. Bxg6 hxg6 28. Raf1 Nf3 29. Qd1 Nd4+ 30. Bxd4 cxd4 31. Nbd3 Ng2 32. Ng4 Qd7 33. Qf3 Qxg4 0-1

[Event "Oberwart op"]
[Site "Oberwart"]
[Date "1996.??.??"]
[Round "5"]
[White "Kamaryt, Thomas"]
[Black "Kummer, Helmut"]
[Result "1/2-1/2"]
[WhiteElo "2045"]
[BlackElo "2300"]
[PlyCount "109"]
[EventDate "1996.07.??"]
[EventType "swiss"]
[EventRounds "9"]
[EventCountry "AUT"]
[SourceTitle "CBM 053 Extra"]
[Source "ChessBase"]
[SourceDate "1996.09.01"]
[SourceVersion "1"]
[SourceVersionDate "1996.09.01"]
[SourceQuality "1"]

1. d4 Nc6 2. Nf3 d5 3. Bf4 Bg4 4. Nbd2 f6 5. c3 Nh6 6. h3 Bh5 7. Qa4 Qd7 8. e3 e5 9. dxe5 fxe5 10. Bh2 e4 11. Nd4 Nxd4 12. Qxd7+ Kxd7 13. cxd4 Bb4 14. Be2 Bxe2 15. Kxe2 Bxd2 16. Kxd2 Rhf8 17. Ke2 c6 18. Be5 Nf7 19. Bg3 Nd8 20. Rhb1 Ne6 21. b4 g6 22. a4 Rac8 23. Be5 Rf7 24. Ra2 h5 25. h4 Rf5 26. g3 Rcf8 27. Bf4 b6 28. Rc2 Rc8 29. a5 b5 30. Rh1 Rcf8 31. Rhc1 Rc8 32. Rh1 Ng7 33. Rhc1 a6 34. Rh1 Re8 35. Bh6 Ne6 36. Rhc1 Rc8 37. Bf4 Nd8 38. Rg1 Nf7 39. Rg2 Rf6 40. Rc1 Ke6 41. Rcg1 Rh8 42. Rh1 Kf5 43. Rgh2 Kg4 44. Rc1 Rc8 45. Rd1 Rf5 46. Rg1 Rf6 47. Rd1 Nd6 48. Bxd6 Rxd6 49. Rg1 Rh8 50. Rgg2 Rh6 51. Rg1 Kf5 52. Rc1 g5 53. Rch1 Rdg6 54. hxg5 Rxg5 55. Rh4 1/2-1/2

[Event "Oberwart op"]
[Site "Oberwart"]
[Date "1996.??.??"]
[Round "4"]
[White "Nielsen, Max"]
[Black "Kamaryt, Thomas"]
[Result "0-1"]
[WhiteElo "2255"]
[BlackElo "2045"]
[PlyCount "79"]
[EventDate "1996.07.??"]
[EventType "swiss"]
[EventRounds "9"]
[EventCountry "AUT"]
[SourceTitle "CBM 053 Extra"]
[Source "ChessBase"]
[SourceDate "1996.09.01"]
[SourceVersion "1"]
[SourceVersionDate "1996.09.01"]
[SourceQuality "1"]

1. e4 e6 2. d4 d5 3. Nc3 dxe4 4. Nxe4 Bd7 5. Nf3 Bc6 6. Bd3 Bxe4 7. Bxe4 c6 8. 0-0 Nf6 9. Bd3 Be7 10. b3 Nbd7 11. Qe2 0-0 12. c4 Re8 13. Bb2 Qa5 14. a3 Qh5 15. Rfe1 Rad8 16. Rad1 Nf8 17. b4 Ng6 18. Bxg6 hxg6 19. h3 Bd6 20. Bc1 Bb8 21. Bg5 Rd7 22. Rd3 Rc8 23. Qd2 Rcd8 24. Ne5 Bxe5 25. Rxe5 Qh8 26. Re1 Rc8 27. a4 a6 28. Qe3 b5 29. axb5 axb5 30. Bxf6 gxf6 31. cxb5 cxb5 32. Rc1 Rxc1+ 33. Qxc1 Kg7 34. Qc6 Rd5 35. Ra3 Qh4 36. Rd3 Qe4 37. Qc3 e5 38. g3 Qe2 39. Kh2 exd4 40. Rd2 0-1